| 000 | 01087cam a2200301 i 4500 | ||
|---|---|---|---|
| 999 |
_c200447602 _d65814 |
||
| 001 | 200447602 | ||
| 003 | TR-AnTOB | ||
| 005 | 20230823163219.0 | ||
| 007 | ta | ||
| 008 | 221802s2004 tu 000 0 tur d | ||
| 040 |
_aGAZIU _beng _erda _cTR-AnTOB |
||
| 041 | 0 | _atur | |
| 050 | 0 | 0 |
_aHC495.P83 _bY38 2004 |
| 090 |
_aTOBBK HC495.P83 _bY38 2004 |
||
| 245 | 0 | 0 |
_aYatırımların illere göre dağılımı : _b2004 yılı yatırım programı / _cDevlet Planlama Teşkilatı İktisadi Sektörler ve Koordinasyon Genel Müdürlüğü. |
| 264 | 1 |
_aAnkara : _bDPT, _c2004. |
|
| 300 |
_avi, 246 pages ; _c27 cm |
||
| 336 |
_atext _btxt _2rdacontent |
||
| 337 |
_aunmediated _bn _2rdamedia |
||
| 338 |
_avolume _bnc _2rdacarrier |
||
| 650 | 0 |
_aKamu yatırımları _zTürkiye _vİstatistikler _970832 |
|
| 650 | 7 |
_aKamu yatırımları _zTürkiye _2etuturkob _952867 |
|
| 650 | 0 |
_aPublic investments _zTurkey _xProvinces _vIstatistics. _988408 |
|
| 710 | 2 |
_aDevlet Planlama Teşkilatı (Turkey) _9131299 |
|
| 942 |
_2z _cBK |
||